<?xml version="1.0" encoding="UTF-8"?>
<record
    xmlns:xsi="http://www.w3.org/2001/XMLSchema-instance"
    xsi:schemaLocation="http://www.loc.gov/MARC21/slim http://www.loc.gov/standards/marcxml/schema/MARC21slim.xsd"
    xmlns="http://www.loc.gov/MARC21/slim">

  <leader>01075nam a2200205 a 4500</leader>
  <controlfield tag="008">180918t2021    ag a|||g||||| 001 1 spa d</controlfield>
  <datafield tag="020" ind1=" " ind2=" ">
    <subfield code="a">9789878827056</subfield>
  </datafield>
  <datafield tag="041" ind1=" " ind2=" ">
    <subfield code="a">spa</subfield>
  </datafield>
  <datafield tag="092" ind1=" " ind2=" ">
    <subfield code="c">808</subfield>
    <subfield code="l">13</subfield>
    <subfield code="s">COS</subfield>
  </datafield>
  <datafield tag="100" ind1="1" ind2=" ">
    <subfield code="a">Costantini, Pablo</subfield>
    <subfield code="9">3297</subfield>
  </datafield>
  <datafield tag="245" ind1=" " ind2=" ">
    <subfield code="a">Cuentos iniciales /</subfield>
    <subfield code="c">Pablo Costantini</subfield>
  </datafield>
  <datafield tag="250" ind1=" " ind2=" ">
    <subfield code="a">1a ed.</subfield>
  </datafield>
  <datafield tag="260" ind1=" " ind2=" ">
    <subfield code="a">Neuqu&#xE9;n:</subfield>
    <subfield code="b">Itinerarte;</subfield>
    <subfield code="c">2021.</subfield>
  </datafield>
  <datafield tag="300" ind1=" " ind2=" ">
    <subfield code="a">226 p.</subfield>
    <subfield code="b">il.</subfield>
    <subfield code="c">21x15cm</subfield>
  </datafield>
  <datafield tag="500" ind1=" " ind2=" ">
    <subfield code="a">Costantini, P. (2021). Cuentos iniciales. (1a ed.). Neuqu&#xE9;n : Itinerarte.</subfield>
  </datafield>
  <datafield tag="505" ind1=" " ind2=" ">
    <subfield code="a">Son cuentos de ficci&#xF3;n de tem&#xE1;tica ecl&#xE9;ctica. Es una selecci&#xF3;n de quince cuentos que fueron surgiendo mientras busc&#xE1;bamos (y a&#xFA;n buscamos) terminar una novela; son quince frutos de ejercitar lo estil&#xED;stico, lo tem&#xE1;tico y, fundamentalmente, lo l&#xFA;dico. En ese sentido, no quieren m&#xE1;s que entretener y s&#xF3;lo aspiran a ser un buen comienzo. La inclusi&#xF3;n de algunos temas de ficci&#xF3;n cl&#xE1;sicos fue inconsciente y sospecho que responden a una filogenia como lector.</subfield>
  </datafield>
  <datafield tag="590" ind1=" " ind2=" ">
    <subfield code="a">Donaci&#xF3;n Abril 2025, Costantini, Pablo.</subfield>
  </datafield>
  <datafield tag="655" ind1=" " ind2=" ">
    <subfield code="a">Cuentos</subfield>
    <subfield code="9">2945</subfield>
  </datafield>
  <datafield tag="942" ind1=" " ind2=" ">
    <subfield code="2">ddc</subfield>
    <subfield code="c">LIT</subfield>
  </datafield>
  <datafield tag="999" ind1=" " ind2=" ">
    <subfield code="c">3244</subfield>
    <subfield code="d">3244</subfield>
  </datafield>
  <datafield tag="952" ind1=" " ind2=" ">
    <subfield code="0">0</subfield>
    <subfield code="1">0</subfield>
    <subfield code="2">ddc</subfield>
    <subfield code="4">0</subfield>
    <subfield code="7">0</subfield>
    <subfield code="8">FIC</subfield>
    <subfield code="a">BFM</subfield>
    <subfield code="b">BFM</subfield>
    <subfield code="c">CR</subfield>
    <subfield code="d">2025-04-21</subfield>
    <subfield code="e">Donaci&#xF3;n Pablo Costantini, Abril 2025</subfield>
    <subfield code="l">0</subfield>
    <subfield code="o">808 13 COS</subfield>
    <subfield code="p">4998</subfield>
    <subfield code="r">2025-04-21</subfield>
    <subfield code="t">Ej. 1</subfield>
    <subfield code="w">2025-04-21</subfield>
    <subfield code="y">LIT</subfield>
    <subfield code="z">Donaci&#xF3;n Pablo Costantini, Abril 2025</subfield>
    <subfield code="f"></subfield>
  </datafield>
  <datafield tag="952" ind1=" " ind2=" ">
    <subfield code="0">0</subfield>
    <subfield code="1">0</subfield>
    <subfield code="2">ddc</subfield>
    <subfield code="4">0</subfield>
    <subfield code="7">0</subfield>
    <subfield code="8">FIC</subfield>
    <subfield code="a">BFM</subfield>
    <subfield code="b">BFM</subfield>
    <subfield code="c">CR</subfield>
    <subfield code="d">2025-04-21</subfield>
    <subfield code="e">Donaci&#xF3;n Pablo Costantini, Abril 2025</subfield>
    <subfield code="l">0</subfield>
    <subfield code="o">808 13 COS</subfield>
    <subfield code="p">4999</subfield>
    <subfield code="r">2025-04-21</subfield>
    <subfield code="t">Ej. 2</subfield>
    <subfield code="w">2025-04-21</subfield>
    <subfield code="y">LIT</subfield>
    <subfield code="z">Donaci&#xF3;n Pablo Costantini, Abril 2025</subfield>
    <subfield code="f"></subfield>
  </datafield>
  <datafield tag="952" ind1=" " ind2=" ">
    <subfield code="0">0</subfield>
    <subfield code="1">0</subfield>
    <subfield code="2">ddc</subfield>
    <subfield code="4">0</subfield>
    <subfield code="7">0</subfield>
    <subfield code="8">FIC</subfield>
    <subfield code="a">BFM</subfield>
    <subfield code="b">BFM</subfield>
    <subfield code="c">CR</subfield>
    <subfield code="d">2025-04-21</subfield>
    <subfield code="e">Donaci&#xF3;n Pablo Costantini, Abril 2025</subfield>
    <subfield code="l">0</subfield>
    <subfield code="o">808 13 COS</subfield>
    <subfield code="p">5000</subfield>
    <subfield code="r">2025-04-21</subfield>
    <subfield code="t">Ej. 3</subfield>
    <subfield code="w">2025-04-21</subfield>
    <subfield code="y">LIT</subfield>
    <subfield code="z">Donaci&#xF3;n Pablo Costantini, Abril 2025</subfield>
    <subfield code="f"></subfield>
  </datafield>
</record>
